000 00663cab a2200229 4500
001 X1966
008 090401t1995 xxu||||| |||| 00| 0 eng d
035 _a(Sirsi) u20693
041 _aeng
245 _aCPD training is `no longer a chore`
260 _c1995
350 _a0
490 _aCSM (Chartered Surveyor Monthly)
_v4(4) February 1995, 12(1)
650 _aCPD
650 _aKINGSTON UNIVERSITY SCHOOL OF SURVEYING
650 _aPORTFOLIO OF PROFESSIONAL ACHIEVEMENT
650 _aRICS EDUCATIONAL POLICY REVIEW
650 _aWHITHER CPD
690 _aMANAGEMENT-BUSINESS MANAGEMENT-PROFESSIONAL PRACTICE
942 _n0
948 _c04/03/1997
999 _c13862
_d13862